Convenios multilaterales vigentes de los que España es depositaria. (Record no. 179575)

MARC details
000 -LEADER
campo de control de longitud fija 00689cam a2200217 4500
001 - NÚMERO DE CONTROL
campo de control 179575
003 - IDENTIFICADOR DE NÚMERO DE CONTROL
campo de control ES-MaACL
005 - FECHA Y HORA DE LA ÚLTIMA TRANSACCIÓN
campo de control 20250827062642.0
008 - DATOS DE LONGITUD FIJA--INFORMACIÓN GENERAL
campo de control de longitud fija 111223s2010 sp | |||||||| | spa d ..|
015 ## - NÚMERO DE BIBLIOGRAFÍA NACIONAL
Número de bibliografía nacional MON1102
040 ## - FUENTE DE CATALOGACIÓN
Centro catalogador/agencia de origen SpMaBN
080 ## - NÚMERO DE LA CLASIFICACIÓN DECIMAL UNIVERSAL
Número de la Clasificación Decimal Universal 341.24(460)
110 1# - ENTRADA PRINCIPAL--NOMBRE DE ENTIDAD CORPORATIVA
Nombre de entidad corporativa o nombre de jurisdicción como elemento de entrada España
9 (RLIN) 3622
243 #0 - TÍTULO UNIFORME COLECTIVO
Título uniforme <a href="Tratados, etc.">Tratados, etc.</a>
245 10 - MENCIÓN DEL TÍTULO
Título Convenios multilaterales vigentes de los que España es depositaria.
260 ## - PUBLICACIÓN, DISTRIBUCIÓN, ETC.
Lugar de publicación, distribución, etc. Madrid :
Nombre del editor, distribuidor, etc. Ministerio de Asuntos Exteriores y de Cooperación, Área de Documentación y Publicaciones,
Fecha de publicación, distribución, etc. 2010.
300 ## - DESCRIPCIÓN FÍSICA
Extensión 538 p. ;
Dimensiones 22 cm.
650 04 - PUNTO DE ACCESO ADICIONAL DE MATERIA--TÉRMINO DE MATERIA
Término de materia o nombre geográfico como elemento de entrada Tratados internacionales-
Subdivisión geográfica España.
9 (RLIN) 17642
852 ## - LOCALIZACIÓN
Ubicación ES-MaACL
Número de control de estantería N-4802
Holdings
Estatus retirado Estado de pérdida Estado de daño No para préstamo Biblioteca de origen Biblioteca actual Ubicación en estantería Fecha de adquisición Fuente de adquisición Total de préstamos Signatura topográfica completa Código de barras Visto por última vez Precio de reemplazo Tipo de ítem Koha
        Biblioteca del Ateneo de Madrid Biblioteca del Ateneo de Madrid Sala Pecera Depósito 2 23/12/2011     N-4802 1188649 23/02/2023 23/02/2023 Libro impreso